Представление документа в формате MARC21

Поле Инд. ПП Название Значение
Тип записи a
Библиографический уровень m
001 _ Контрольный номер RU/URAIT/476527
005 _ Дата корректировки 20250915104109.7
008 Кодируемые данные 200723s2021 RU y f j 000 0 rus u
020 a ISBN 978-5-534-13771-2
c Цена, тираж 329.00
040 a Служба первич. каталог. ИКО Юрайт
c Служба, преобразующая запись ИКО Юрайт
e Правила каталог. RCR
041 a Код языка текста rus
044 a Код страны публикации RU
080 a Индекс УДК 37(075.8)
084 2 Источник индекса rubbk
a Индекс другой классификации/Индекс ББК 74я73
100 1_ a Автор Утемов Вячеслав Викторович
q Полное имя Вячеслав Викторович
245 a Заглавие Развитие креативности учащихся: учебные задачи открытого типа
b Продолж. заглавия Учебное пособие для вузов
c Ответственность Утемов В. В.
250 g испр. и доп
a Основные сведения об издании 2-е изд.
256 a Характеристики компьютерного файла Электрон. дан.
260 a Место издания Москва
b Издательство Юрайт
c Дата издания 2021
300 a Объем 127 с
440 a Серия Высшее образование
500 a Примечание URL: https://urait.ru/bcode/476527 (дата обращения: 23.11.2021).
520 a Аннотация Курс «Развитие креативности учащихся: учебные задачи открытого типа» описывает системы задач открытого типа используемых в учебном процессе. Особенностью системы является организация творческой деятельности посредством решения задач, к которым выдвинуты требования к формулировке, описаны критерии оценивания и учтен уровень сложности по предложенной классификации. В курсе представлен подход к диагностике уровня развития креативности и методика развития креативности учащихся общеобразовательных организаций на основе системы задач открытого типа. Соответствует актуальным требованиям Федерального государственного образовательного стандарта высшего образования. Курс адресуется учителям образовательных организаций, методистам, педагогам, бакалаврам и магистрантам, обучающихся на педагогических направлениях подготовки.
538 a Прим. о системных особенностях Режим доступа: Электронно-библиотечная система Юрайт, для авториз. пользователей
653 a Ключевые слова Образование и педагогика
653 a Ключевые слова Педагогика, психология, социальная работа
653 a Ключевые слова Развитие креативности учащихся: учебные задачи открытого типа
856 40 u URL https://urait.ru/bcode/476527
x Примечание для ЭОР https://urait.ru/book/cover/0811D059-AC1F-4A37-BED7-B83866D6D9E7
z Примечание для пользователя Участвует в КО
856 41 u URL https://urait.ru/book/cover/0811D059-AC1F-4A37-BED7-B83866D6D9E7